| 000 | 00542nam a22001817a 4500 | ||
|---|---|---|---|
| 999 |
_c15641 _d15641 |
||
| 008 | 201014b ||||| |||| 00| 0 eng d | ||
| 020 | _a9715422284 | ||
| 082 |
_22000 _aDFil 305.89912 _bM31 |
||
| 100 |
_aManuel, E. Arsenio _920125 |
||
| 245 |
_aManuvu social organization/ _cE. Arsenio Manuel |
||
| 260 |
_aQuezon City: _bUP Press, _c©2000. |
||
| 300 |
_avii, 449 pages: _billustrations; _c23 cm. |
||
| 500 | _aInclude index. | ||
| 650 |
_aManuvu. _942330 |
||
| 650 |
_aEthnology. _942331 |
||
| 650 |
_aPaganism. _942332 |
||
| 942 |
_2ddc _cDFIL |
||